[Event "PRO League Group Stage"]
[Site "chess.com INT"]
[Date "2019.02.14"]
[Round "6"]
[White "Grigoriants, Sergey"]
[Black "Aditya, Mittal"]
[Result "1-0"]
[WhiteTitle "GM"]
[BlackTitle "CM"]
[WhiteElo "2541"]
[BlackElo "2251"]
[WhiteTeam "Moscow Wizards"]
[BlackTeam "Mumbai Movers"]
[WhiteFideId "4130804"]
[BlackFideId "35042025"]
[EventDate "2019.01.08"]

1. e4 c5 2. Nf3 d6 3. c3 Nf6 4. h3 g6 5. Bd3 Bg7 6. Bc2 Nc6 7. d4 cxd4 8. cxd4
Nb4 9. Ba4+ Bd7 10. Nc3 O-O 11. Bb3 a5 12. a3 Na6 13. O-O Nc7 14. Re1 e6 15. Bf4
Nfe8 16. Rc1 b5 17. Qd2 Qe7 18. e5 d5 19. Bg5 f6 20. Nxd5 Nxd5 21. Bxd5 Ra6 22.
Bh4 Qd8 23. Bb3 g5 24. exf6 gxh4 25. fxg7 Nxg7 26. Ne5 Be8 27. d5 Rd6 28. dxe6
Qe7 29. Qxd6 Qxd6 30. e7+ Kh8 31. exf8=Q+ Qxf8 32. Rc8 Qf5 33. Nf7+ Kg8 34. Nh6+
Kf8 35. Nxf5 Nxf5 36. Rcxe8+ Kg7 37. Rg8+ Kf6 38. Re6+ Kf7 39. Re5+ Kf6 40.
Rxf5+ Kxf5 41. Rb8 b4 42. axb4 axb4 43. Rxb4 Kg5 44. Rg4+ 1-0

[Event "PRO League Group Stage"]
[Site "chess.com INT"]
[Date "2019.02.14"]
[Round "6"]
[White "Ghosh, Diptayan"]
[Black "Seliverstov, Vladimir"]
[Result "1/2-1/2"]
[WhiteTitle "GM"]
[BlackTitle "IM"]
[WhiteElo "2544"]
[BlackElo "2462"]
[WhiteTeam "Mumbai Movers"]
[BlackTeam "Moscow Wizards"]
[WhiteFideId "5045207"]
[BlackFideId "4192036"]
[EventDate "2019.01.08"]

1. d4 d5 2. c4 c6 3. e3 Nf6 4. Nc3 g6 5. Nf3 Bg7 6. Be2 O-O 7. O-O c5 8. dxc5
Na6 9. cxd5 Nxc5 10. Ne1 e6 11. dxe6 Bxe6 12. Nf3 Qb6 13. Nd4 Rfd8 14. b3 Nfe4
15. Nxe4 Bxd4 16. exd4 Nxe4 17. Bb2 Rac8 18. Rc1 Qa5 19. Rxc8 Rxc8 20. d5 Qxd5
21. Bf3 Qxd1 22. Rxd1 1/2-1/2

[Event "PRO League Group Stage"]
[Site "chess.com INT"]
[Date "2019.02.14"]
[Round "6"]
[White "Adhiban, Baskaran"]
[Black "Usmanov, Vasily"]
[Result "1/2-1/2"]
[WhiteTitle "GM"]
[BlackTitle "IM"]
[WhiteElo "2689"]
[BlackElo "2450"]
[WhiteTeam "Mumbai Movers"]
[BlackTeam "Moscow Wizards"]
[WhiteFideId "5018471"]
[BlackFideId "4135741"]
[EventDate "2019.01.08"]

1. Nf3 d5 2. c4 e6 3. e3 Nf6 4. b3 Be7 5. Bb2 O-O 6. Nc3 b6 7. cxd5 exd5 8. d4
a6 9. Bd3 Nbd7 10. O-O Bd6 11. e4 dxe4 12. Nxe4 Nxe4 13. Bxe4 Rb8 14. Ne5 Bxe5
15. dxe5 Nc5 16. Bc2 Qxd1 17. Rfxd1 Bg4 18. f3 Be6 19. Kf2 h5 20. h3 Rfd8 21. g4
hxg4 22. hxg4 g6 23. Kg3 Rd5 24. Rxd5 Bxd5 25. Rd1 c6 26. b4 Ne6 27. f4 g5 28.
f5 Nf4 29. a3 Kg7 30. Rd2 Rh8 31. e6+ f6 32. Rh2 Rxh2 33. Kxh2 Bc4 34. Bd4 Nd5
35. Kg3 Kf8 36. Be4 Ke7 37. Bxd5 Bxd5 38. Bxb6 Bb3 39. Bc5+ Ke8 40. Bd4 Ke7 41.
Bc5+ Ke8 42. Bd4 Ke7 43. Be3 Bd1 44. Bd4 Be2 45. a4 Bd1 46. a5 Be2 47. Bc5+ Ke8
48. Be3 Ke7 49. Bf2 Bd1 50. Bg1 Be2 51. Bf2 Bd1 52. Be3 Be2 53. Bd2 Bd1 54. Bc3
Be2 55. Bb2 Bd1 56. Ba3 Ke8 57. Bb2 Ke7 58. Bc1 Be2 59. Bd2 Bd1 60. Bc3 Be2 61.
Bd4 Bd1 62. Bc5+ Ke8 63. Bd6 Be2 64. Bc5 Bd1 65. Bb6 Ke7 66. Bc7 Be2 67. Bb6 Bd1
68. Kh3 Be2 69. Bc7 Bd1 70. Bg3 Be2 71. Bf2 Bd1 72. Be3 Be2 73. Kg3 Bd1 74. Bd2
Be2 75. Bc3 Bd1 76. Bd4 Be2 77. Bb2 Bd1 78. Ba3 Ke8 79. Bb2 Ke7 80. Ba3 Ke8 81.
Bb2 Ke7 1/2-1/2

[Event "PRO League Group Stage"]
[Site "chess.com INT"]
[Date "2019.02.14"]
[Round "6"]
[White "Chigaev, Maksim"]
[Black "Sargsyan, Shant"]
[Result "1/2-1/2"]
[WhiteTitle "GM"]
[BlackTitle "IM"]
[WhiteElo "2604"]
[BlackElo "2486"]
[WhiteTeam "Estonia Horses"]
[BlackTeam "Armenia Eagles"]
[WhiteFideId "4108116"]
[BlackFideId "13306766"]
[EventDate "2019.01.08"]

1. e4 e5 2. Nf3 Nc6 3. Bc4 Bc5 4. c3 Nf6 5. d3 d6 6. Bb3 O-O 7. h3 h6 8. Nbd2 a5
9. Nf1 Be6 10. g4 Bxb3 11. axb3 d5 12. Qe2 dxe4 13. dxe4 Nh7 14. h4 Qd7 15. Ng3
Rad8 16. g5 hxg5 17. Bxg5 f6 18. Bd2 Qd3 19. Nf5 Ne7 20. Qxd3 Rxd3 21. Ke2 Rd7
22. Nxe7+ Rxe7 23. Rxa5 Bb6 24. Raa1 Rd8 25. Be3 Bxe3 26. fxe3 Red7 27. Ra7 b6
28. Rha1 Nf8 29. Ra8 Ne6 30. b4 Kf7 31. Rxd8 Rxd8 32. c4 Kg6 33. Ra7 Kh5 34. b5
Kg4 35. b4 g6 36. Ra6 Rd6 37. Ra1 Rd8 38. Rg1+ Kh5 39. Ra1 Kg4 40. Ra7 Kh5 41.
Ra6 Rd6 42. Ra2 Kg4 43. Rc2 Rd8 44. c5 bxc5 45. bxc5 Rb8 46. b6 cxb6 47. c6 Rc8
48. Rc1 Nc5 49. h5 Kxh5 50. Rh1+ Kg4 51. Rg1+ Kh5 52. Rh1+ 1/2-1/2

[Event "PRO League Group Stage"]
[Site "chess.com INT"]
[Date "2019.02.14"]
[Round "6"]
[White "Khanin, Semen"]
[Black "Sargsyan, Anna M."]
[Result "1-0"]
[WhiteTitle "IM"]
[BlackTitle "WFM"]
[WhiteElo "2514"]
[BlackElo "2339"]
[WhiteTeam "Moscow Phoenix"]
[BlackTeam "Armenia Eagles"]
[WhiteFideId "4111990"]
[BlackFideId "13308130"]
[EventDate "2019.01.08"]

1. e4 c6 2. d4 d5 3. Nd2 dxe4 4. Nxe4 Bf5 5. Ng3 Bg6 6. h4 h6 7. Nf3 e6 8. Ne5
Bh7 9. Bd3 Bxd3 10. Qxd3 Be7 11. Bd2 Nd7 12. Nf3 Ngf6 13. O-O-O Qc7 14. Ne4
O-O-O 15. g3 Nxe4 16. Qxe4 Bd6 17. Kb1 Kb8 18. c4 c5 19. Bc3 cxd4 20. Bxd4 Nf6
21. Qe2 Qe7 22. Qe3 b6 23. Ne5 Qb7 24. Rhe1 Ka8 25. Rd3 Rc8 26. Nxf7 Qxf7 27.
Bxf6 Qxf6 28. Rxd6 Rxc4 29. Rxe6 Qf5+ 30. Ka1 Rhc8 31. a3 Rc2 32. f4 Qd5 33. Re8
Rxe8 34. Qxe8+ Kb7 35. Re7+ Rc7 36. Rxc7+ Kxc7 37. Qe7+ Kc6 38. Qxg7 Qd1+ 39.
Ka2 Qd5+ 40. b3 Qg2+ 41. Qb2 Qxg3 42. Qf6+ Kb7 43. a4 Qf2+ 44. Ka3 Qc5+ 45. Kb2
Qf2+ 46. Kc3 Qe1+ 47. Kc4 Qe2+ 48. Kd5 Qd3+ 49. Qd4 Qxb3+ 50. Ke5 Qf7 51. Qd5+
Qxd5+ 52. Kxd5 Kc7 53. Ke6 Kd8 54. Kf7 a6 55. f5 b5 56. axb5 axb5 57. f6 b4 58.
Kg8 b3 59. f7 1-0

[Event "PRO League Group Stage"]
[Site "chess.com INT"]
[Date "2019.02.14"]
[Round "6"]
[White "Andriasian, Zaven"]
[Black "Afanasiev, Nikita"]
[Result "1-0"]
[WhiteTitle "GM"]
[BlackTitle "FM"]
[WhiteElo "2604"]
[BlackElo "2508"]
[WhiteTeam "Armenia Eagles"]
[BlackTeam "Moscow Phoenix"]
[WhiteFideId "13302000"]
[BlackFideId "24183555"]
[EventDate "2019.01.08"]

1. e4 e5 2. Nf3 Nc6 3. Bc4 Bc5 4. O-O Nf6 5. d3 d6 6. c3 O-O 7. Nbd2 a6 8. Bb3
h6 9. h3 Be6 10. Bc2 Re8 11. Re1 Bb6 12. Nf1 d5 13. exd5 Bxd5 14. Ng3 Qd6 15.
Be3 Bxe3 16. Rxe3 Rad8 17. Qe2 Be6 18. Ne4 Nxe4 19. dxe4 Ne7 20. Rd1 Qb6 21. Ba4
Rf8 22. a3 Ng6 23. b4 Nf4 24. Qf1 Rxd1 25. Bxd1 Rd8 26. Be2 Qd6 27. Kh2 b5 28.
Ne1 Qd2 29. Nf3 Qb2 30. Qe1 f6 31. Nh4 Rd2 32. Bg4 Bxg4 33. hxg4 Rxf2 34. Qg1 g5
35. Rf3 Rd2 36. Rxf4 exf4 37. Nf3 Rd3 38. Qc5 Qxc3 39. Qf5 Kg7 40. e5 Rd8 41.
Qxf6+ Kh7 42. Qe7+ Kg6 43. Qxd8 Qe3 44. Qg8# 1-0

[Event "PRO League Group Stage"]
[Site "chess.com INT"]
[Date "2019.02.14"]
[Round "6"]
[White "Martirosyan, Haik M."]
[Black "Bivol, Alina"]
[Result "1-0"]
[WhiteTitle "GM"]
[BlackTitle "WGM"]
[WhiteElo "2607"]
[BlackElo "2393"]
[WhiteTeam "Armenia Eagles"]
[BlackTeam "Moscow Phoenix"]
[WhiteFideId "13306553"]
[BlackFideId "4100123"]
[EventDate "2019.01.08"]

1. e4 e6 2. d4 d5 3. Nd2 Be7 4. Bd3 c5 5. dxc5 Nf6 6. Qe2 O-O 7. Ngf3 a5 8. O-O
Na6 9. Bb5 Nxc5 10. e5 Nfe4 11. Nxe4 Nxe4 12. Rd1 Qb6 13. Be3 Bc5 14. Bxc5 Nxc5
15. Rd4 a4 16. a3 Ra5 17. Rb4 Qc7 18. Rg4 f5 19. exf6 Rxf6 20. Rb4 Bd7 21. Bd3
Nxd3 22. cxd3 Rc5 23. Re1 h6 24. Qe3 b5 25. Ne5 Rc2 26. f3 Be8 27. h3 Rf5 28. f4
Qb7 29. Nf3 Rf6 30. Nd4 Rc7 31. f5 Kh7 32. Nxe6 Rc8 33. Rg4 g5 34. Nxg5+ hxg5
35. Qxg5 Qb6+ 36. Kh1 Bg6 37. fxg6+ Kg7 38. Rh4 Qf2 39. Qh6+ 1-0

[Event "PRO League Group Stage"]
[Site "chess.com INT"]
[Date "2019.02.14"]
[Round "6"]
[White "Narayanan, S.L."]
[Black "Ivlev, Aleksey"]
[Result "1-0"]
[WhiteTitle "GM"]
[BlackTitle "FM"]
[WhiteElo "2575"]
[BlackElo "2326"]
[WhiteTeam "Delhi Dynamite"]
[BlackTeam "Volga Stormbringers"]
[WhiteFideId "5058422"]
[BlackFideId "24185949"]
[EventDate "2019.01.08"]

1. e4 e5 2. Nf3 Nc6 3. Bb5 a6 4. Ba4 Nf6 5. Nc3 b5 6. Bb3 Be7 7. d3 O-O 8. Nd5
d6 9. c3 Be6 10. a4 Rb8 11. axb5 axb5 12. Ra6 Bd7 13. O-O Re8 14. Ng5 Rf8 15.
Nxf6+ Bxf6 16. Qh5 Bxg5 17. Bxg5 Qc8 18. Rfa1 Bg4 19. Qh4 Nd8 20. Qg3 Be6 21.
Bf6 g6 22. Bd1 Bd7 23. Qg5 Ne6 24. Qh6 Be8 25. Bg4 Qd7 26. Re1 b4 27. Re3 1-0

[Event "PRO League Group Stage"]
[Site "chess.com INT"]
[Date "2019.02.14"]
[Round "6"]
[White "Jobava, Baadur"]
[Black "Burg, Twan"]
[Result "1-0"]
[WhiteTitle "GM"]
[BlackTitle "GM"]
[WhiteElo "2629"]
[BlackElo "2514"]
[WhiteTeam "Tbilisi Gentlemen"]
[BlackTeam "Estonia Horses"]
[WhiteFideId "13601520"]
[BlackFideId "1010697"]
[EventDate "2019.01.08"]

1. d4 Nf6 2. c4 e6 3. Nc3 Bb4 4. e3 O-O 5. Bd3 c5 6. Ne2 cxd4 7. exd4 d5 8. cxd5
Nxd5 9. O-O Nc6 10. Nxd5 exd5 11. Be3 Bd6 12. Rc1 Re8 13. Bb1 Qh4 14. g3 Qh5 15.
Nf4 Qxd1 16. Rfxd1 Bg4 17. Rd2 Bf3 18. Kf1 Na5 19. Bd3 Bxf4 20. Bxf4 Rac8 21.
Rc5 b6 22. Rxc8 Rxc8 23. Rc2 Rxc2 24. Bxc2 Nc6 25. Be3 a6 26. Ke1 g6 27. Kd2 f5
28. Kc3 Be2 29. Bb3 Bf3 30. Bc2 Be2 31. Kd2 Bf1 32. Ke1 Bg2 33. Bd3 b5 34. Be2
Kf7 35. a4 bxa4 36. Bxa6 Na5 37. Bb5 Nc4 38. Bc1 Nb6 39. Kd2 Ke6 40. Kc3 Kd6 41.
Bf4+ Ke6 42. Bc7 Nc4 43. Bxa4 g5 44. b3 Nd6 45. Bxd6 Kxd6 46. f4 g4 47. Kb4 Bf1
48. Ka5 Kc7 49. b4 Bd3 50. b5 Be2 51. b6+ Kb7 52. Bb3 Bf3 53. Kb5 1-0

[Event "PRO League Group Stage"]
[Site "chess.com INT"]
[Date "2019.02.14"]
[Round "6"]
[White "Jojua, Davit"]
[Black "Chukavin, Kirill"]
[Result "1-0"]
[WhiteTitle "GM"]
[BlackTitle "FM"]
[WhiteElo "2588"]
[BlackElo "2307"]
[WhiteTeam "Tbilisi Gentlemen"]
[BlackTeam "Estonia Horses"]
[WhiteFideId "13602543"]
[BlackFideId "4503023"]
[EventDate "2019.01.08"]

1. d4 Nf6 2. c4 e6 3. Nf3 d5 4. g3 Be7 5. Bg2 O-O 6. O-O dxc4 7. Qa4 a6 8. Qxc4
b5 9. Qc2 Bb7 10. Bd2 Be4 11. Qc1 c6 12. Be3 Nbd7 13. Nc3 Bg6 14. Nh4 Rc8 15.
Rd1 Qc7 16. Bf4 Qa7 17. Nxg6 hxg6 18. e4 c5 19. d5 exd5 20. e5 Nh5 21. Nxd5 Rfe8
22. e6 fxe6 23. Nxe7+ Rxe7 24. Bd6 Rf7 25. Bh3 Re8 26. Qe3 e5 27. b4 e4 28. bxc5
Ne5 29. Bxe5 Rxe5 30. Rac1 Rc7 31. Qb3+ Kh7 32. Rd5 Rxd5 33. Qxd5 Nf6 34. Qd6
Re7 35. Qb6 Qxb6 36. cxb6 Rb7 37. Rc6 Nd5 38. Bc8 Rxb6 39. Rxb6 Nxb6 40. Bxa6 b4
41. Kf1 g5 42. Ke2 Nd5 43. Bc4 Nc3+ 44. Ke3 Kg6 45. Kd4 Kf5 46. h3 g4 47. h4 Nd1
48. Kc5 Nxf2 49. Kxb4 e3 50. a4 Ke4 51. a5 Nd3+ 52. Kc3 Nc5 53. Be2 Kd5 54. a6
Kc6 55. Kd4 Kb6 56. Kxe3 Nd7 57. Bxg4 Nf6 58. Be2 1-0

[Event "PRO League Group Stage"]
[Site "chess.com INT"]
[Date "2019.02.14"]
[Round "6"]
[White "Meshkovs, Nikita"]
[Black "Pantsulaia, Levan"]
[Result "1-0"]
[WhiteTitle "GM"]
[BlackTitle "GM"]
[WhiteElo "2557"]
[BlackElo "2597"]
[WhiteTeam "Estonia Horses"]
[BlackTeam "Tbilisi Gentlemen"]
[WhiteFideId "11602740"]
[BlackFideId "13602071"]
[EventDate "2019.01.08"]

1. c4 c5 2. Nf3 b6 3. g3 Bb7 4. Bg2 g6 5. d4 cxd4 6. Qxd4 Nf6 7. Nc3 d6 8. O-O
Bg7 9. Rd1 Nbd7 10. b3 O-O 11. Bb2 Ne4 12. Qe3 Ndc5 13. Rab1 Qd7 14. Nd5 Bxb2
15. Rxb2 e6 16. Nf4 b5 17. Ng5 Nxg5 18. Qxc5 Qe7 19. Qxb5 Bxg2 20. Kxg2 Qf6 21.
Rc2 e5 22. Nd5 Qe6 23. Qd7 Ne4 24. Ne7+ Kg7 25. Qxe6 fxe6 26. f3 Kf6 27. Nc6 Ng5
28. Rxd6 Rfc8 29. Na5 e4 30. f4 Nf7 31. Rd4 Rab8 32. c5 Rb5 33. b4 Kf5 34. Nc4
e5 35. Rd7 Nh6 36. Rxh7 Ng4 37. h3 1-0

[Event "PRO League Group Stage"]
[Site "chess.com INT"]
[Date "2019.02.14"]
[Round "6"]
[White "Ehlvest, Jaan"]
[Black "Volkov, Nika"]
[Result "1/2-1/2"]
[WhiteTitle "GM"]
[WhiteElo "2521"]
[BlackElo "2153"]
[WhiteTeam "Estonia Horses"]
[BlackTeam "Tbilisi Gentlemen"]
[WhiteFideId "4500016"]
[BlackFideId "13604376"]
[EventDate "2019.01.08"]

1. e4 e6 2. d4 d5 3. Nc3 Bb4 4. exd5 exd5 5. Bd3 Nf6 6. Ne2 O-O 7. O-O h6 8. h3
c5 9. a3 Bxc3 10. Nxc3 c4 11. Be2 Nc6 12. Bf3 Be6 13. b3 cxb3 14. cxb3 Rc8 15.
Be3 Re8 16. b4 Nxb4 17. axb4 Rxc3 18. Rxa7 Qb6 19. Qa1 Rc4 20. b5 Bd7 21. Rb1
Ne4 22. Ra8 Rxa8 23. Qxa8+ Rc8 24. Qa3 Qg6 25. Bxe4 Qxe4 26. Rc1 Rxc1+ 27. Qxc1 1/2-1/2

[Event "PRO League Group Stage"]
[Site "chess.com INT"]
[Date "2019.02.14"]
[Round "6"]
[White "Frolyanov, Dmitry"]
[Black "Gupta, Abhijeet"]
[Result "0-1"]
[WhiteTitle "GM"]
[BlackTitle "GM"]
[WhiteElo "2517"]
[BlackElo "2581"]
[WhiteTeam "Volga Stormbringers"]
[BlackTeam "Delhi Dynamite"]
[WhiteFideId "4151976"]
[BlackFideId "5010608"]
[EventDate "2019.01.08"]

1. Nf3 Nf6 2. g3 g6 3. Bg2 Bg7 4. O-O O-O 5. d4 d5 6. c4 c6 7. Nbd2 Bf5 8. b3
Nbd7 9. Bb2 a5 10. Nh4 Be6 11. a4 c5 12. cxd5 Nxd5 13. Nc4 cxd4 14. Bxd4 Nc3 15.
Bxc3 Bxc3 16. Rc1 Bf6 17. Bxb7 Ra7 18. Bg2 Qb8 19. Nf3 Nc5 20. Ncd2 Qb4 21. Qc2
Rc8 22. Qb1 Rac7 23. e3 Nxb3 24. Rxc7 Rxc7 25. Nxb3 Bxb3 26. Qd3 Kg7 27. e4 Bc4
28. Qd8 Bxf1 29. Qxc7 Bd3 30. h4 Bxe4 31. Qf4 Bc2 32. Qe3 Bxa4 33. h5 gxh5 34.
Nh4 Bc2 35. Qe2 Bg6 0-1

[Event "PRO League Group Stage"]
[Site "chess.com INT"]
[Date "2019.02.14"]
[Round "6"]
[White "Oparin, Grigoriy"]
[Black "Narayanan, S.L."]
[Result "1-0"]
[WhiteTitle "GM"]
[BlackTitle "GM"]
[WhiteElo "2613"]
[BlackElo "2575"]
[WhiteTeam "Volga Stormbringers"]
[BlackTeam "Delhi Dynamite"]
[WhiteFideId "24125890"]
[BlackFideId "5058422"]
[EventDate "2019.01.08"]

1. Nf3 d5 2. g3 Nc6 3. d4 Bf5 4. c3 e6 5. Nh4 Be7 6. Nxf5 exf5 7. Qb3 Rb8 8. Bg2
Nf6 9. O-O O-O 10. Nd2 Re8 11. Nf3 Ne4 12. a4 Bf6 13. a5 Ne7 14. c4 dxc4 15.
Qxc4 Nd5 16. e3 a6 17. Nd2 c6 18. Nxe4 fxe4 19. Bd2 h5 20. Rae1 h4 21. f4 exf3
22. Rxf3 hxg3 23. hxg3 Bg5 24. Rf5 Qe7 25. Bxd5 cxd5 26. Qxd5 Rbd8 27. Qf3 Bf6
28. Kg2 Rc8 29. Bc3 Rc6 30. e4 g6 31. Rf4 Bg5 32. Rg4 f6 33. d5 Rc4 34. e5 Rxg4
35. Qxg4 Qd8 36. d6 fxe5 37. d7 Rf8 38. Qe6+ Kh7 39. Bxe5 Qxa5 40. Rh1+ Bh6 41.
Bc3 Qg5 42. Qe5 Qxe5 43. Bxe5 Rd8 44. Rd1 Bg5 45. Bc7 Rf8 46. d8=Q Bxd8 47. Rxd8
Rf5 48. Rd7+ Kh6 49. Bf4+ g5 50. Be3 Rb5 51. Rd6+ Kh5 52. Rb6 Re5 53. Kf3 Rf5+
54. Bf4 1-0

[Event "PRO League Group Stage"]
[Site "chess.com INT"]
[Date "2019.02.14"]
[Round "6"]
[White "Manu, David Suthandram R"]
[Black "Bryakin, Mikhail"]
[Result "0-1"]
[BlackTitle "FM"]
[WhiteElo "2252"]
[BlackElo "2426"]
[WhiteTeam "Delhi Dynamite"]
[BlackTeam "Volga Stormbringers"]
[WhiteFideId "35019562"]
[BlackFideId "4165314"]
[EventDate "2019.01.08"]

1. e4 c5 2. Nf3 Nc6 3. d4 cxd4 4. Nxd4 Nf6 5. Nc3 e5 6. Ndb5 d6 7. Bg5 a6 8. Na3
b5 9. Bxf6 gxf6 10. Nd5 f5 11. Bd3 Be6 12. c4 Bxd5 13. exd5 Qa5+ 14. Kf1 Nd4 15.
cxb5 axb5 16. Nc2 Nxc2 17. Qxc2 e4 18. Qc6+ Ke7 19. Bxb5 Ra7 20. Qe8+ Kf6 21.
Qb8 Ra8 22. Qb7 Be7 23. b4 Qxb4 24. a4 Rhb8 25. Qc6 Rc8 26. Qb6 Rxa4 27. Re1 Ra5
28. Qe3 Qxb5+ 29. Kg1 Kg7 30. g4 Qd3 31. Qf4 Qxd5 32. h4 Qe5 33. Qd2 fxg4 34.
Rh2 h5 35. Rg2 Ra1 0-1

[Event "PRO League Group Stage"]
[Site "chess.com INT"]
[Date "2019.02.14"]
[Round "6"]
[White "Grover, Sahaj"]
[Black "Ivlev, Aleksey"]
[Result "0-1"]
[WhiteTitle "GM"]
[BlackTitle "FM"]
[WhiteElo "2511"]
[BlackElo "2326"]
[WhiteTeam "Delhi Dynamite"]
[BlackTeam "Volga Stormbringers"]
[WhiteFideId "5021103"]
[BlackFideId "24185949"]
[EventDate "2019.01.08"]

1. e4 e5 2. Nf3 Nc6 3. Bb5 a6 4. Ba4 Nf6 5. Qe2 b5 6. Bb3 d6 7. c3 Be7 8. O-O
O-O 9. Rd1 Na5 10. Bc2 c5 11. d4 Qc7 12. d5 Bd7 13. b3 Nb7 14. a4 b4 15. c4 Ne8
16. Nbd2 g6 17. Nf1 Ng7 18. Bh6 f6 19. Ng3 Nd8 20. Nd2 Nf7 21. Be3 Rae8 22. f4
f5 23. exf5 gxf5 24. Nh5 e4 25. Nf1 Nh6 26. h3 Nxh5 27. Qxh5 Rf6 28. Bc1 Rg6 29.
Bb2 Rf8 30. Ne3 Be8 31. Qe2 Qd8 32. Rf1 Bf6 33. Bxf6 Qxf6 34. Kh2 Kh8 35. g3
Rfg8 36. Qf2 Rxg3 37. Qxg3 Rxg3 38. Kxg3 Qc3 39. Rae1 Bh5 40. Rg1 Bf3 41. Kh4
Ng8 42. Bd1 Bxd1 43. Nxd1 Qxb3 44. Ne3 Ne7 45. Kg5 Qc3 46. Nxf5 Nxf5 47. Kxf5
Qxc4 48. Ke6 b3 49. Re3 Qd4 50. Reg3 h6 51. Rg6 Kh7 52. Kxd6 b2 53. f5 c4 54. f6
Qb6+ 55. Ke5 Qb8+ 56. d6 Qe8+ 57. Kf5 Qxg6+ 58. Rxg6 b1=Q 59. Rg7+ Kh8 60. d7
e3+ 61. Ke6 Qe4+ 62. Kf7 Qd5+ 63. Kg6 Qd3+ 64. Kxh6 e2 65. Re7 Qxh3+ 66. Kg6
Qd3+ 67. Kh6 Kg8 68. Rg7+ Kf8 69. Rh7 Qh3+ 70. Kg6 Qg4+ 71. Kh6 Qf4+ 72. Kg6
Qe4+ 73. Kh6 Qe3+ 74. Kh5 Qe5+ 75. Kg6 Qe4+ 76. Kh6 Qf4+ 77. Kg6 Qg4+ 78. Kh6
Qh3+ 79. Kg6 Qd3+ 80. Kh6 e1=Q 0-1

[Event "PRO League Group Stage"]
[Site "chess.com INT"]
[Date "2019.02.14"]
[Round "6"]
[White "Ghosh, Diptayan"]
[Black "Dobrov, Vladimir"]
[Result "1/2-1/2"]
[WhiteTitle "GM"]
[BlackTitle "GM"]
[WhiteElo "2544"]
[BlackElo "2478"]
[WhiteTeam "Mumbai Movers"]
[BlackTeam "Moscow Wizards"]
[WhiteFideId "5045207"]
[BlackFideId "4136594"]
[EventDate "2019.01.08"]

1. d4 Nf6 2. c4 c5 3. d5 b5 4. cxb5 a6 5. bxa6 g6 6. Nc3 Bxa6 7. e4 Bxf1 8. Kxf1
d6 9. Nf3 Nbd7 10. g3 Bg7 11. Kg2 O-O 12. a4 Qa5 13. Qc2 Rfb8 14. Bd2 Qb4 15.
Rhb1 Qb3 16. Qxb3 Rxb3 17. Be1 Rb4 18. e5 dxe5 19. Bd2 Ne8 20. Ne1 Nd6 21. Nc2
Rb3 22. Ra3 c4 23. Ne3 Nc5 24. Ra2 e4 25. a5 f5 26. Nc2 Ra6 27. Ne2 Nd3 28. Ned4
Rb7 29. Nc6 c3 30. Bg5 Rxb2 31. Raxb2 cxb2 32. Bxe7 Nc4 33. Na3 Nxa5 34. Nb4 Ra7
35. Nxd3 Rxe7 36. Nxb2 Rb7 37. Nd1 Rxb1 38. Nxb1 Nc4 39. f3 Kf7 40. fxe4 fxe4
41. Nbc3 Bxc3 42. Nxc3 Nd6 43. Nd1 Kf6 44. Ne3 Ke5 45. g4 Kf4 46. Kf2 Nb5 47.
Nc4 Kxg4 48. d6 Nxd6 49. Nxd6 Kh3 50. Nxe4 Kxh2 1/2-1/2

[Event "PRO League Group Stage"]
[Site "chess.com INT"]
[Date "2019.02.14"]
[Round "6"]
[White "Adhiban, Baskaran"]
[Black "Grigoriants, Sergey"]
[Result "0-1"]
[WhiteTitle "GM"]
[BlackTitle "GM"]
[WhiteElo "2689"]
[BlackElo "2541"]
[WhiteTeam "Mumbai Movers"]
[BlackTeam "Moscow Wizards"]
[WhiteFideId "5018471"]
[BlackFideId "4130804"]
[EventDate "2019.01.08"]

1. Nf3 d5 2. g3 c6 3. Bg2 Bg4 4. O-O e6 5. h3 Bh5 6. c4 Nf6 7. d4 Be7 8. Nc3 O-O
9. Ne5 Nfd7 10. cxd5 cxd5 11. g4 Bg6 12. f4 Nf6 13. Be3 Nc6 14. Qb3 Na5 15. Qa4
a6 16. Bf2 b5 17. Qd1 Rc8 18. Rc1 Nc4 19. b3 Nd6 20. Bh4 Qa5 21. Be1 Qa3 22.
Nxg6 hxg6 23. Rc2 b4 24. Na4 Rxc2 25. Qxc2 Rc8 26. Qd3 Nb5 27. Nc5 Nxd4 28. Nxa6
Qxa2 29. Bxb4 Bxb4 30. Nxb4 Qxb3 31. Nxd5 Nxe2+ 32. Qxe2 Nxd5 33. f5 gxf5 34.
gxf5 Qe3+ 35. Qxe3 Nxe3 36. fxe6 Nxf1 37. exf7+ Kxf7 38. Bxf1 Kf6 39. Kf2 Rc3
40. h4 Kf5 41. Be2 Kf4 42. Bd1 Rh3 43. h5 Rh2+ 44. Kg1 Kg3 0-1

[Event "PRO League Group Stage"]
[Site "chess.com INT"]
[Date "2019.02.14"]
[Round "6"]
[White "Usmanov, Vasily"]
[Black "Aditya, Mittal"]
[Result "1-0"]
[WhiteTitle "IM"]
[BlackTitle "CM"]
[WhiteElo "2450"]
[BlackElo "2251"]
[WhiteTeam "Moscow Wizards"]
[BlackTeam "Mumbai Movers"]
[WhiteFideId "4135741"]
[BlackFideId "35042025"]
[EventDate "2019.01.08"]

1. d4 d5 2. Nf3 Nf6 3. c4 c6 4. cxd5 cxd5 5. Nc3 Nc6 6. Bf4 Ne4 7. e3 Nxc3 8.
bxc3 e6 9. Bd3 Bd6 10. Bg3 O-O 11. O-O b6 12. e4 dxe4 13. Bxe4 Bb7 14. Re1 h6
15. Bc2 Bxg3 16. hxg3 Qc7 17. Qd3 g6 18. g4 Rac8 19. Rac1 Ne7 20. Bb1 Qc4 21.
Qe3 Bxf3 22. Qxf3 Kg7 23. Bd3 Qxa2 24. c4 Qb2 25. Qe3 Nc6 26. d5 exd5 27. cxd5
Na5 28. Rxc8 Rxc8 29. Qe7 Qc3 30. Re3 Qc1+ 31. Kh2 Qc7+ 32. d6 Qb8 33. Re6 Kg8
34. Bxg6 Rf8 35. Bxf7+ Rxf7 36. Rg6+ Kh8 37. Rxh6+ Kg7 38. Qg5+ Kf8 39. Rh8# 1-0

[Event "PRO League Group Stage"]
[Site "chess.com INT"]
[Date "2019.02.14"]
[Round "6"]
[White "Seliverstov, Vladimir"]
[Black "Mohammad, Nubairshah Shaikh"]
[Result "1-0"]
[WhiteTitle "IM"]
[BlackTitle "IM"]
[WhiteElo "2462"]
[BlackElo "2437"]
[WhiteTeam "Moscow Wizards"]
[BlackTeam "Mumbai Movers"]
[WhiteFideId "4192036"]
[BlackFideId "5053196"]
[EventDate "2019.01.08"]

1. d4 Nf6 2. c4 g6 3. Nc3 Bg7 4. e4 d6 5. Be2 O-O 6. Be3 e5 7. d5 a5 8. c5 Na6
9. cxd6 cxd6 10. Nf3 Ng4 11. Bd2 Nc5 12. O-O Bd7 13. h3 Nf6 14. Bg5 Qb6 15. Qc2
Rfc8 16. Be3 Qd8 17. Nd2 a4 18. Qb1 Rab8 19. b4 axb3 20. axb3 Ra8 21. Rxa8 Rxa8
22. Nc4 Be8 23. Rc1 Nh5 24. b4 Na6 25. Nb6 Rb8 26. Bxh5 gxh5 27. Ne2 h4 28. Qb2
Nc7 29. Nc3 Na8 30. Nca4 Bxa4 31. Nxa4 b5 32. Nc3 Qd7 33. Qe2 f5 34. exf5 Qxf5
35. Nxb5 Qg6 36. Kh2 e4 37. Bf4 Nb6 38. Bxd6 Re8 39. Rc6 Nxd5 40. Qc4 Qf7 41.
Nc7 Nxc7 42. Qxf7+ Kxf7 43. Rxc7+ Kg6 44. Rc6 Kf5 45. b5 Bd4 46. b6 Bxf2 47. b7
Ba7 48. Rc8 Re6 49. Bc5 e3 50. Bxa7 e2 51. Bf2 Rb6 52. b8=Q Rxb8 53. Rxb8 Ke4
54. Re8+ Kd3 55. Bxh4 h6 56. Bf2 h5 57. Kg3 e1=Q 58. Bxe1 1-0